000 00796nam a22002657a 4500
001 BR9300165
003 BR-BrBNA
005 20230928093759.0
007 ta
008 230509b bl.||||| |||| 00| 0 por d
040 _aBR-BrBNA
_bpor
_cBiblioteca Nacional de Agricultura
041 _a(Por)
072 _aE72
090 _ E72 BR9300165
110 1 _aProjeto Nordeste, Recife, PE (Brasil)
_98080
245 1 _aProjeto Nordeste. Programa Regional de Apoio ao Pequeno Produtor Rural. Vol. 4. O programa. Parte 6 comercializacao e abastecimento
260 3 _aRecife, PE (Brasil):
_c1984.
300 _a27 p.
650 _aPequeno Produtor
650 _aComercializacao
650 _aAbastecimento
650 _aRegiao Nordeste
909 _a202309
_bLucia
_c55
_dLucia Elande
942 _cBK
999 _c47068
_d47068